Passaportes mais fortes das Américas - Statistics

Estatísticas Gerais
  • Esse quiz foi jogado 36 vezes
  • A pontuação média é 16 de 20
Estatísticas das Respostas
Posição Acessos País / Território % Correto
10º 182 Estados Unidos
100%
16º 170 Argentina
97%
16º 170 Brasil
97%
184 Canadá
97%
21º 158 México
97%
14º 176 Chile
93%
22º 157 Uruguai
93%
27º 148 Panamá
90%
29º 146 Paraguai
90%
26º 149 Costa Rica
87%
31º 143 Peru
87%
20º 159 Bahamas
77%
19º 163 Barbados
73%
25º 152 Antígua e Barbuda
67%
28º 147 Trinidad e Tobago
67%
29º 146 Santa Lúcia
60%
23º 156 São Vicente e Granadinas
60%
30º 144 Dominica
57%
24º 154 São Cristóvão e Névis
57%
28º 147 Granada
53%
Nenhum quiz correspondente encontrado
Distribuição das Pontuações
Porcentagem de Pessoas com Cada Pontuação
Percentil de Números Respondidos
Sua Pontuação Histórica
Você não jogou esse quiz